Guess the Civilian Aircraft - Statistics

General Stats
  • This quiz has been taken 1,079 times
  • The average score is 14 of 20
Answer Stats
Hint Answer % Correct
The Queen of the Skies. The first widebody aircraft. Boeing 747
96%
This aircraft is Boeings only narrow body airliner in production. Boeing 737
95%
This European aircraft is the world's largest passenger aircraft. Airbus A380
93%
This was Boeings first jet airliner. Boeing 707
91%
This American aircraft is boeings first FBW aircraft and the first commercial aircraft to be entirely designed on a computer. It is also the worlds largest twinjet. Boeing 777
90%
This is a modern American widebody, that was first introducted with All Nippon Airways on October 26th 2011. The aircraft uses composite materials and is very fuel efficient. Boeing 787
90%
The pioneer of FBW systems in commercial aviation. One of the most common aircraft in Europe, with Air France being one of the biggest customers. Airbus A320 Family (A319/A320/A321)
88%
This is Boeings largest single aisle aircraft to be built. The aircraft is in service and first flew on February 19th 1982. Production of this aircraft ended in 2004. Boeing 757
88%
The only boeing aircraft to be produced with 3 engines, and without a conventional tail. Boeing 727
84%
An American aircraft that was the first twin engine to receive ETOPS certification. Boeing 767
83%
A European aircraft that had it's first flight on 25th of OCtober 1991. The delivery customers were Lufthansa and Air France and it is the second longest commercial aircraft after the B748. Airbus A340
81%
Airbus' outsize cargo frieght aircraft. A300-600ST (Beluga/SuperTransporter)
73%
This european aircraft was the worlds first ever widebody TWIN engined aircraft. Airbus A300
73%
This aircraft was used to transport the Buran shuttle. It is the worlds heaviest aircraft and it holds the absolute airlifted payload record at 189,980kg. Antonov AN-225
67%
Boeings outsize cargo frieght aircraft. Was used in recent times to ship parts around for another of boeings planes. Boeing 74LCF (Dreamlifter)
56%
This is the worlds 3rd largest operating cargo aircraft. It was first flown in 1982. This aircraft is of Soviet origin. Antonov An-124
46%
The largest commercial aircraft in production with Embraer. With a backlog of 178 firm orders at time of writing. Embraer E195
43%
The largest commercial aircraft certified by EASA for steep approach operations. It is also the largest aircraft to land at London City (EGLC). Airbus A318
39%
A Russian regional FBW jet, that was first introduced with Armavia on 21st of April 2011. This aircraft has had problems with its imperfect FBW system. Sukhoi Superjet 100
30%
The largest of the Embraer Regional family which first flew on August 11th 1995. Embraer ERJ-145
21%
No matching quizzes found
Score Distribution
Percent of People with Each Score
Percentile by Number Answered
Your Score History
You have not taken this quiz